PARKS TEXTBOOK OF PREVENTIVE & SOCIAL MEDICINE (Record no. 3638)

MARC details
000 -LEADER
fixed length control field 00414nam a2200145Ia 4500
008 - FIXED-LENGTH DATA ELEMENTS--GENERAL INFORMATION
fixed length control field 150201s2005 xx 000 0 und d
082 ## - DEWEY DECIMAL CLASSIFICATION NUMBER
Classification number 610
Item number M2005P
100 ## - MAIN ENTRY--PERSONAL NAME
Personal name PARK.K.
245 ## - TITLE STATEMENT
Title PARKS TEXTBOOK OF PREVENTIVE & SOCIAL MEDICINE
250 ## - EDITION STATEMENT
Edition statement 18TH
260 ## - PUBLICATION, DISTRIBUTION, ETC. (IMPRINT)
Name of publisher, distributor, etc. BANARSIDAS BHANOT PUBLISHERS
Place of publication, distribution, etc. PREM NAGAR ( JABALPUR)
Date of publication, distribution, etc. 2005
300 ## - PHYSICAL DESCRIPTION
Extent 1-446
650 ## - SUBJECT ADDED ENTRY--TOPICAL TERM
Topical term or geographic name as entry element PREVENTIVE AND COMMUNITY DENTISTRY
942 ## - ADDED ENTRY ELEMENTS (KOHA)
Source of classification or shelving scheme Dewey Decimal Classification
Koha item type Books
Holdings
Withdrawn status Lost status Source of classification or shelving scheme Damaged status Not for loan Home library Current library Date acquired Source of acquisition Cost, normal purchase price Serial Enumeration / chronology SGTU Bill Number Total Checkouts Full call number Barcode Date last seen Bill Date Koha item type Date last checked out
    Dewey Decimal Classification     SGT Dental Library SGT Dental Library 15/01/2007 U.B.S.DELHI 500.00 1 SGTU 1048   610 M2005P FD4313 28/10/2024 21/08/2012 Books  
    Dewey Decimal Classification     SGT Dental Library SGT Dental Library 15/01/2007 U.B.S.DELHI 500.00 1 SGTU 1048   610 M2005P FD4314 09/02/2015 21/08/2012 Books  
    Dewey Decimal Classification     SGT Dental Library SGT Dental Library 15/01/2007 U.B.S.DELHI 500.00 1 SGTU 1048 6 610 M2005P FD4315 01/08/2017 21/08/2012 Books 29/07/2017
    Dewey Decimal Classification     SGT Dental Library SGT Dental Library 15/01/2007 U.B.S.DELHI 500.00 1 SGTU 1048   610 M2005P FD4316 09/02/2015 21/08/2012 Books  
    Dewey Decimal Classification     SGT Dental Library SGT Dental Library 15/01/2007 U.B.S.DELHI 500.00 1 SGTU 1048   610 M2005P FD4317 09/02/2015 21/08/2012 Books